| 000 | 00450nam a2200181Ia 4500 | ||
|---|---|---|---|
| 008 | 221030s9999 xx 000 0 und d | ||
| 020 | _a997151155X | ||
| 041 | _aEnglish | ||
| 082 |
_a105.23 _bHal |
||
| 100 | _aD. Halliday | ||
| 245 | 0 |
_aPhysics Extended Version Vol. II _cby D. Halliday, R. Resnick |
|
| 250 | _a4th | ||
| 260 |
_bJohn Wiley & Sons _aSingapore _c0 |
||
| 300 | _a1216 | ||
| 650 | _aPhysics | ||
| 700 | _aR. Resnick | ||
| 942 | _cBK | ||
| 999 |
_c6869 _d6869 |
||